History of Heavyweight Boxing Champions (IBF) - Statistics

General Stats
  • This quiz has been taken 2 times
  • The average score is 50 of 105
Answer Stats
Answer % Correct
Andy Ruiz Jr.
100%
Anthony Joshua
100%
Daniel Dubois
100%
Evander Holyfield
100%
Larry Holmes
100%
Lennox Lewis
100%
Mike Tyson
100%
Oleksandr Usyk
100%
Tyson Fury
100%
Wladimir Klitschko
100%
Alexander Povetkin
50%
Buster Douglas
50%
Carlos Takam
50%
Charles Martin
50%
David Haye
50%
Dominic Breazeale
50%
George Foreman
50%
Hasim Rahman
50%
Joseph Parker
50%
Kubrat Pulev
50%
Michael Moorer
50%
Riddick Bowe
50%
Samuel Peter
50%
Alex Leapai
0%
Andrew Golota
0%
Axel Schulz
0%
Bert Cooper
0%
Bryant Jennings
0%
Calvin Brock
0%
Carl Williams
0%
Chris Byrd
0%
DaVarryl Williamson
0%
David Bey
0%
David Tua
0%
Vyacheslav Glazkov
0%
Eddie Chambers
0%
Eric Molina
0%
Francesco Pianeta
0%
Francois Botha
0%
Frank Bruno
0%
Fres Oquendo
0%
Jameel McCline
0%
James Smith
0%
Jean-Mark Mormeck
0%
Lamon Brewster
0%
Mariusz Wach
0%
Michael Dokes
0%
Michael Grant
0%
Michael Spinks
0%
Ray Austin
0%
Ruslan Chagaev
0%
Steffen Tangstad
0%
Sultan Ibragimov
0%
Tony Thompson
0%
Tony Tubbs
0%
Tony Tucker
0%
Tyrell Biggs
0%
Vaughn Bean
0%
No matching quizzes found
Score Distribution
Percent of People with Each Score
Percentile by Number Answered
Your Score History
You have not taken this quiz